000 00352nam a2200145Ia 4500
008 151213s9999 xx 000 0 und d
100 _aWalter Allen
245 _aThe English Novel
_cWalter Allen
260 _aLondon
_bPenguing Books
_c1958
300 _a6527 p.
650 _aCritics
650 _aEnglish
700 _aWalter Allen
999 _c3616
_d3616